00287nam a2200109Ia 4500008004100000041000800041082000800049100001300057245004600070260005300116300000800169231107s1999 xx 000 0 und d aeng a690 aBarry R. aThe Construction of Building Vol.4 4th ed aNew DelhibAffiliated East West Press Ltd.c1999 a177